Vliv dětí na kupní rozhodování v rodině
Kúpne rozhodovanie v rodine. Skúmanie či deti rodičov ovplyvňujú pri kúpnom rozhodovaní. Zisťovanie či vplyv detí pri kúpnom rozhodovaní je väčší pri niektorých produktových kategóriách alebo či na produktovej kategórií nezáleží. Skúmanie či sa líší intenzita vplyvu detí pri kúpnom rozhodovaní podľa...
Gespeichert in:
| 1. Verfasser: | |
|---|---|
| Weitere Verfasser: | |
| Format: | Buchkapitel |
| Sprache: | Tschechisch |
| Schlagworte: | |
| Tags: |
Keine Tags, Fügen Sie das erste Tag hinzu!
|
MARC
| LEADER | 00000naa a2200000 4500 | ||
|---|---|---|---|
| 001 | 0266950 | ||
| 005 | 20200708083330.6 | ||
| 041 | 0 | |a cze | |
| 044 | |a CZ | ||
| 245 | 1 | 0 | |a Vliv dětí na kupní rozhodování v rodině |c Oldřich Vávra, Marcela Zamazalová |
| 520 | |a Kúpne rozhodovanie v rodine. Skúmanie či deti rodičov ovplyvňujú pri kúpnom rozhodovaní. Zisťovanie či vplyv detí pri kúpnom rozhodovaní je väčší pri niektorých produktových kategóriách alebo či na produktovej kategórií nezáleží. Skúmanie či sa líší intenzita vplyvu detí pri kúpnom rozhodovaní podľa pohlavia rodičov, či sú viac ovplyvniteľné matky nebo otcovia a čo deti podľa rodičov najviac ovplyvňuje pri výbere produktov. | ||
| 610 | 2 | 0 | |a správanie spotrebiteľa |
| 610 | 2 | 0 | |a deti |
| 610 | 2 | 0 | |a rodina |
| 610 | 2 | 0 | |a rozhodovanie |
| 610 | 2 | 0 | |a produkty |
| 610 | 2 | 0 | |a marketing |
| 100 | 1 | |a Vávra, Oldřich | |
| 700 | 1 | |a Zamazalová, Marcela | |